<?xml version="1.0" encoding="UTF-8"?>
<collection xmlns="http://www.loc.gov/MARC21/slim">
 <record>
  <leader>00500pamaa2200157   4500</leader>
  <controlfield tag="001">0000017548</controlfield>
  <controlfield tag="005">20060712090000.0</controlfield>
  <datafield tag="020" ind1="0" ind2="0">
   <subfield code="a">0838433316 </subfield>
  </datafield>
  <datafield tag="082" ind1=" " ind2=" ">
   <subfield code="a">428.34 VOL</subfield>
  </datafield>
  <datafield tag="090" ind1="0" ind2="0">
   <subfield code="a">PE1128.A2 </subfield>
   <subfield code="b">VOL 1989</subfield>
  </datafield>
  <datafield tag="100" ind1="1" ind2="0">
   <subfield code="a">VOLLER </subfield>
  </datafield>
  <datafield tag="245" ind1="1" ind2="0">
   <subfield code="a">Chatterbox : </subfield>
   <subfield code="b">a conversation text of fluency activities for intermediate students  </subfield>
   <subfield code="c">Peter Voller and Steven Widdows.</subfield>
  </datafield>
  <datafield tag="260" ind1="0" ind2="0">
   <subfield code="a">Heinle &amp; Heinle, </subfield>
   <subfield code="c">1989.</subfield>
  </datafield>
  <datafield tag="300" ind1=" " ind2=" ">
   <subfield code="a">151p.: </subfield>
   <subfield code="b">24cm.</subfield>
  </datafield>
  <datafield tag="650" ind1="0" ind2="0">
   <subfield code="a">English language -- </subfield>
   <subfield code="x">Conversation and phrases </subfield>
  </datafield>
  <datafield tag="700" ind1="1" ind2="1">
   <subfield code="a">Widdows, </subfield>
   <subfield code="h">Steven </subfield>
  </datafield>
 </record>
</collection>
